Largest Canadian Cities as a Percent of their Province - Statistics

General Stats
  • This quiz has been taken 73 times
  • The average score is 12 of 16
Answer Stats
% City Province / Territory % Correct
20.0 Toronto Ontario
100%
13.3 Vancouver British Columbia
97%
20.6 Montreal Quebec
94%
47.1 Halifax Nova Scotia
88%
31.1 Calgary Alberta
85%
21.6 St. John's Newfoundland and Labrador
84%
55.6 Winnipeg Manitoba
84%
23.9 Edmonton Alberta
82%
47.6 Yellowknife Northwest Territories
81%
24.1 Saskatoon Saskatchewan
79%
20.3 Regina Saskatchewan
78%
70.7 Whitehorse Yukon
78%
21.0 Iqaluit Nunavut
60%
26.0 Charlottetown Prince Edward Island
59%
10.6 Moncton New Brunswick
44%
11.9 Surrey British Columbia
28%
No matching quizzes found
Score Distribution
Percent of People with Each Score
Percentile by Number Answered
Your Score History
You have not taken this quiz